| 000 | 01471nam a2200289Ia 4500 | ||
|---|---|---|---|
| 003 | Ost | ||
| 005 | 20260507074945.0 | ||
| 008 | 260507s9999||||xx |||||||||||||| ||und|| | ||
| 020 | _a978995724391 | ||
| 040 | _cfsecg | ||
| 041 | _aara | ||
| 082 | _a657.45;657.48 | ||
| 100 |
_aجمعة، احمد حلمي _eمؤلف |
||
| 245 | 0 |
_aتطور معايير التدقيق و التأكيد الدولية و قواعد اخلاقيات المهنة / _c احمد حلمي جمعة |
|
| 260 |
_aعمان: _bدار صفاء للنشر, _c2009 |
||
| 300 |
_a232 صفحة؛ _c24 سم |
||
| 490 | _aسلسلة الكتب المهنية | ||
| 504 | _aسلسلة الكتب المهنية | ||
| 520 | _aاجراءات التخطيط عند تدقيق البيانات المالية للبنوك -الرقابة الداخلية عند تدقيق البيانات المالية للبنوك -اداء الاجراءات الرئيسية و التقرير عند تدقيق البيانات المالية للبنوك -العلاقة بين مشرفي الانشطة المصرفية و المدققين الخارجيين -اجراءات المصادقة المتبادلة بين البنوك | ||
| 653 | _aاخلاقيات المهنة | ||
| 653 | _aاداب المهنة | ||
| 653 | _aالتدقيق المحاسبي | ||
| 653 | _aالمحاسبة | ||
| 653 | _aتدقيق الحسابات | ||
| 653 | _aمعايير الاداء | ||
| 942 | _cكتاب | ||
| 999 |
_c41961 _d41961 |
||